Policing terrorism / (Record no. 14234)
[ view plain ]
| 000 -LEADER | |
|---|---|
| fixed length control field | 01628nam a2200313 a 4500 |
| 001 - CONTROL NUMBER | |
| control field | ASIN0857255185 |
| 005 - DATE AND TIME OF LATEST TRANSACTION | |
| control field | 20170105102850.0 |
| 008 - FIXED-LENGTH DATA ELEMENTS--GENERAL INFORMATION | |
| fixed length control field | 130821s2012 xxu eng d |
| 020 ## - INTERNATIONAL STANDARD BOOK NUMBER | |
| International Standard Book Number | 0857255185 (paperback) |
| Terms of availability | $38.00 |
| 020 ## - INTERNATIONAL STANDARD BOOK NUMBER | |
| International Standard Book Number | 9780857255181 (paperback) |
| 040 ## - CATALOGING SOURCE | |
| Original cataloging agency | 0 |
| 050 04 - LIBRARY OF CONGRESS CALL NUMBER | |
| Classification number | HV6433.G7 |
| 082 04 - DEWEY DECIMAL CLASSIFICATION NUMBER | |
| Classification number | 363.3250941 |
| 100 1# - MAIN ENTRY--PERSONAL NAME | |
| Personal name | Blake, Christopher. |
| 245 10 - TITLE STATEMENT | |
| Title | Policing terrorism / |
| Statement of responsibility, etc. | Christopher Blake, Barrie Sheldon, Rachael Strzelecki, Peter Williams. |
| 260 ## - PUBLICATION, DISTRIBUTION, ETC. | |
| Place of publication, distribution, etc. | [S.l.] : |
| Name of publisher, distributor, etc. | Learning Matters, |
| Date of publication, distribution, etc. | 2012. |
| 300 ## - PHYSICAL DESCRIPTION | |
| Extent | 200 p. ; |
| Dimensions | 25 cm. |
| 490 1# - SERIES STATEMENT | |
| Series statement | Policing matters series. |
| 520 ## - SUMMARY, ETC. | |
| Summary, etc. | This is an accessible and up to date text for students on police-related degree courses covering a highly topical area of policing. Terrorism has become a major issue for policing during the 21st century, exacerbated by world events, the emerging new terrorism with its global implications, and a growing need to develop effective counter-terrorism strategies. The book provides students with a historical perspective, introduces a number of well established theories relating to terrorism, and considers how the UK has responded by developing a counter terrorism strategy. In a fast-moving area, it captures the latest changes in legislation and government strategy. |
| 650 #0 - SUBJECT ADDED ENTRY--TOPICAL TERM | |
| Topical term or geographic name entry element | Great Britain |
| 650 #0 - SUBJECT ADDED ENTRY--TOPICAL TERM | |
| Topical term or geographic name entry element | Police |
| 650 #0 - SUBJECT ADDED ENTRY--TOPICAL TERM | |
| Topical term or geographic name entry element | Terrorism--Prevention |
| 700 1# - ADDED ENTRY--PERSONAL NAME | |
| Personal name | Sheldon, Barrie. |
| 700 1# - ADDED ENTRY--PERSONAL NAME | |
| Personal name | Strzelecki, Rachael. |
| 700 1# - ADDED ENTRY--PERSONAL NAME | |
| Personal name | Williams, Peter. |
| 830 #0 - SERIES ADDED ENTRY--UNIFORM TITLE | |
| Uniform title | Policing matters series. |
| 856 40 - ELECTRONIC LOCATION AND ACCESS | |
| Materials specified | Amazon.com |
| Uniform Resource Identifier | <a href="http://www.amazon.com/exec/obidos/ASIN/0857255185/chopaconline-20">http://www.amazon.com/exec/obidos/ASIN/0857255185/chopaconline-20</a> |
| 942 ## - ADDED ENTRY ELEMENTS (KOHA) | |
| Source of classification or shelving scheme | |
| Koha item type | Book |
| Withdrawn status | Lost status | Damaged status | Not for loan | Collection code | Permanent Location | Current Location | Shelving location | Date acquired | Total Checkouts | Full call number | Barcode | Date last seen | Price effective from | Koha item type |
|---|---|---|---|---|---|---|---|---|---|---|---|---|---|---|
| Centre for International Peace & Stability (CIPS) | Centre for International Peace & Stability (CIPS) | General Stacks | 08/05/2013 | 363.3250941 BLA 2012 | CIPS0000445 | 08/21/2013 | 08/21/2013 | Book |
